00661nam a2200229 a 4500001001300000003000900013005001700022008004100039020001000080082001400090100001900104245004500123260003400168500003500202650001700237650001300254700001900267902000800286942000700294952011500301999001500416nice12345678IN_TiNIC20260116012846.0070615s1980 siaa grp 000 0 urd  ac10000a231bKHA1 aKhan, Barkat A aFalsafai Wahdatul Wujood and Other Books aSialkotebBarkat a Khanc1980 aincludes index and biblioraphy aTheology-God aTheology1 aKhan, Barkat A bSRS cBK 001040708StackRoom-aHMIbHMId2007-06-15g100.00l0o231 KHA1p010164r2007-06-15v100.00w2007-06-15yBK c8671d8671